Giáo trình lý thuyết nhận dạng ứng dụng trong quản lý

Spremljeno u:
Bibliografski detalji
Glavni autor: Đỗ, Hoàng Toàn
Format: Knjiga
Jezik:Undetermined
Izdano: Hà Nội Khoa học Kỹ thuật 2004
Teme:
Oznake: Dodaj oznaku
Bez oznaka, Budi prvi tko označuje ovaj zapis!
Thư viện lưu trữ: Trung tâm Học liệu Trường Đại học Cần Thơ
LEADER 00581nam a2200193Ia 4500
001 CTU_92444
008 210402s9999 xx 000 0 und d
020 |c 48000 
082 |a 133.54 
082 |b T406 
100 |a Đỗ, Hoàng Toàn 
245 0 |a Giáo trình lý thuyết nhận dạng ứng dụng trong quản lý 
245 0 |c Đỗ Hoàng Toàn 
260 |a Hà Nội 
260 |b Khoa học Kỹ thuật 
260 |c 2004 
650 |a Divinatory graphology 
904 |i Tuyến 
980 |a Trung tâm Học liệu Trường Đại học Cần Thơ